000 00353cam a2200133ua 4500
003 OSt
008 221103b |||||||| |||| 00| 0 eng d
041 _aeng
082 _a320,58
_bMIN/CO
245 _aCollected works of Mahatma Gandhi, Vol 6
260 _aNew Delhi :
_bPublication Division,Government of India ,
_c1961.
300 _a560 ; .
942 _cBK
999 _c241
_d241